[Event "DVM U16w 2021"]
[Site "Berlin GER"]
[Date "2022.05.02"]
[Round "5"]
[White "Reich, Elisabeth"]
[Black "Pikki, Daria"]
[Result "1/2-1/2"]
[Termination "normal"]
[Board "3.1"]
[WhiteElo "1490"]
[BlackElo "1523"]
[WhiteClock "01:00:21"]
[BlackClock "00:41:54"]
[WhiteTeam "ATSV Oberkotzau"]
[BlackTeam "SV Königsjäger Süd-West e.V."]
[PlyCount "101"]
[WhiteFideId "16239776"]
[BlackFideId "16281306"]
[EventCountry "GER"]
[EventRounds "7"]
[EventType "team-swiss"]
[EventDate "2022.04.29"]

1. e4 {[%clk 1:30:57]} e5 {[%clk 1:30:56]} 2. Nf3 {[%clk 1:31:24]} Nc6 {[%clk
1:31:22]} 3. Bc4 {[%clk 1:31:46]} Bc5 {[%clk 1:31:47]} 4. O-O {[%clk 1:32:04]}
d6 {[%clk 1:32:07]} 5. h3 {[%clk 1:32:28]} Nf6 {[%clk 1:32:25]} 6. d3 {[%clk
1:32:40]} h6 {[%clk 1:32:40]} 7. c3 {[%clk 1:33:00]} a6 {[%clk 1:32:28]} 8. a4
{[%clk 1:33:12]} Ba7 {[%clk 1:32:00]} 9. Re1 {[%clk 1:32:22]} O-O {[%clk
1:31:42]} 10. Be3 {[%clk 1:31:54]} Re8 {[%clk 1:28:45]} 11. Bxa7 {[%clk
1:31:43]} Rxa7 {[%clk 1:27:16]} 12. Nbd2 {[%clk 1:29:19]} Be6 {[%clk 1:26:09]}
13. Bxe6 {[%clk 1:29:29]} fxe6 {[%clk 1:25:13]} 14. Nf1 {[%clk 1:28:25]} Nh5
{[%clk 1:20:36]} 15. a5 {[%clk 1:20:41]} Qf6 {[%clk 1:16:43]} 16. Ne3 {[%clk
1:19:27]} Nf4 {[%clk 1:14:25]} 17. Rf1 {[%clk 1:19:04]} Rf8 {[%clk 1:13:35]}
18. Ng4 {[%clk 1:15:56]} Nxh3+ {[%clk 1:12:28]} 19. Kh2 {[%clk 1:15:26]} Qf4+
{[%clk 1:07:03]} 20. Kxh3 {[%clk 1:14:33]} h5 {[%clk 1:06:11]} 21. Ne3 {[%clk
1:14:00]} g5 {[%clk 1:05:57]} 22. Nxg5 {[%clk 1:13:24]} Qxg5 {[%clk 1:05:32]}
23. g3 {[%clk 1:12:19]} Raa8 {[%clk 1:03:16]} 24. Qb3 {[%clk 1:08:13]} Nd8
{[%clk 0:58:58]} 25. Qd1 {[%clk 1:06:52]} Rf6 {[%clk 0:57:33]} 26. Kg2 {[%clk
1:05:29]} h4 {[%clk 0:55:17]} 27. Qg4 {[%clk 1:05:09]} Qxg4 {[%clk 0:53:42]}
28. Nxg4 {[%clk 1:05:28]} Rg6 {[%clk 0:54:04]} 29. Ne3 {[%clk 1:05:44]} hxg3
{[%clk 0:53:47]} 30. fxg3 {[%clk 1:06:12]} Nc6 {[%clk 0:53:44]} 31. Rf2 {[%clk
1:05:03]} Re8 {[%clk 0:52:01]} 32. b4 {[%clk 1:04:15]} Ne7 {[%clk 0:50:43]} 33.
Raf1 {[%clk 1:03:25]} d5 {[%clk 0:50:18]} 34. exd5 {[%clk 1:03:12]} exd5 {[%clk
0:50:43]} 35. Nf5 {[%clk 1:03:19]} Nxf5 {[%clk 0:49:56]} 36. Rxf5 c6 37. Rf7
{[%clk 1:02:23]} Rg7 {[%clk 0:50:16]} 38. Rxg7+ {[%clk 1:00:57]} Kxg7 {[%clk
0:50:41]} 39. Kf3 {[%clk 1:00:41]} e4+ {[%clk 0:47:40]} 40. dxe4 {[%clk
1:00:46]} Rxe4 {[%clk 0:48:00]} 41. Rf2 {[%clk 1:00:48]} Rc4 {[%clk 0:47:35]}
42. Rc2 {[%clk 0:59:12]} d4 {[%clk 0:47:17]} 43. Ke2 {[%clk 0:59:13]} dxc3
{[%clk 0:46:24]} 44. Kd3 {[%clk 0:59:35]} Rxb4 {[%clk 0:45:30]} 45. Rxc3 {[%clk
0:59:56]} Ra4 {[%clk 0:45:19]} 46. Rb3 {[%clk 0:59:40]} Rxa5 {[%clk 0:44:13]}
47. Rxb7+ {[%clk 0:59:58]} Kg8 {[%clk 0:43:05]} 48. Rb6 {[%clk 0:59:56]} c5
{[%clk 0:42:56]} 49. Kc4 {[%clk 1:00:09]} Ra1 {[%clk 0:41:49]} 50. Kxc5 {[%clk
1:00:03]} a5 {[%clk 0:41:54]} 51. Ra6 {[%clk 1:00:21]} 1/2-1/2

[Event "DVM U16w 2021"]
[Site "Berlin GER"]
[Date "2022.05.02"]
[Round "5"]
[White "Sohr, Luna"]
[Black "Hergenröder, Cora"]
[Result "1/2-1/2"]
[Termination "normal"]
[Board "3.2"]
[WhiteElo "1335"]
[BlackElo "1437"]
[WhiteClock "00:21:09"]
[BlackClock "00:55:55"]
[WhiteTeam "SV Königsjäger Süd-West e.V."]
[BlackTeam "ATSV Oberkotzau"]
[PlyCount "67"]
[WhiteFideId "16251261"]
[BlackFideId "34603700"]
[EventCountry "GER"]
[EventRounds "7"]
[EventType "team-swiss"]
[EventDate "2022.04.29"]

1. d4 {[%clk 1:30:58]} d5 {[%clk 1:30:53]} 2. c4 {[%clk 1:31:24]} e6 {[%clk
1:31:16]} 3. Nc3 {[%clk 1:31:50]} Nf6 {[%clk 1:31:40]} 4. cxd5 {[%clk 1:32:16]}
exd5 {[%clk 1:32:04]} 5. Bg5 {[%clk 1:32:41]} Bb4 {[%clk 1:32:01]} 6. Qc2
{[%clk 1:31:15]} Nc6 {[%clk 1:31:59]} 7. e3 {[%clk 1:30:09]} O-O {[%clk
1:29:12]} 8. Bd3 {[%clk 1:24:19]} h6 {[%clk 1:29:27]} 9. Bh4 {[%clk 1:23:17]}
Re8 {[%clk 1:29:44]} 10. Nge2 {[%clk 1:21:30]} Be6 {[%clk 1:22:33]} 11. O-O
{[%clk 1:18:54]} Be7 {[%clk 1:20:35]} 12. a3 {[%clk 1:13:51]} a6 {[%clk
1:20:35]} 13. Nf4 {[%clk 1:12:42]} Qd7 {[%clk 1:14:05]} 14. Nxe6 {[%clk
1:11:28]} Qxe6 {[%clk 1:14:15]} 15. Bf5 {[%clk 1:10:19]} Qd6 {[%clk 1:14:38]}
16. Bg3 {[%clk 1:09:27]} Qd8 {[%clk 1:14:55]} 17. Na4 {[%clk 1:04:28]} Nh5
{[%clk 1:07:02]} 18. Nc5 {[%clk 1:02:07]} Bxc5 {[%clk 1:03:22]} 19. Qxc5 {[%clk
0:58:17]} Nxg3 {[%clk 1:03:35]} 20. hxg3 {[%clk 0:58:19]} Ne7 {[%clk 1:03:37]}
21. Bg4 {[%clk 0:57:04]} c6 {[%clk 1:03:18]} 22. b4 {[%clk 0:54:55]} Nc8 {[%clk
1:01:54]} 23. a4 {[%clk 0:47:55]} Qb6 {[%clk 0:59:00]} 24. Bxc8 {[%clk
0:46:45]} Qxc5 {[%clk 0:59:25]} 25. bxc5 {[%clk 0:46:54]} Raxc8 {[%clk
0:59:04]} 26. a5 {[%clk 0:46:05]} Rc7 {[%clk 0:59:06]} 27. Rfb1 {[%clk
0:45:24]} Ree7 {[%clk 0:59:08]} 28. Rb3 {[%clk 0:43:22]} Kh7 {[%clk 0:57:51]}
29. f3 {[%clk 0:37:51]} f5 {[%clk 0:57:47]} 30. Kf2 {[%clk 0:35:29]} Kg6 {[%clk
0:57:55]} 31. Rab1 {[%clk 0:30:25]} Kf6 {[%clk 0:57:41]} 32. Rh1 {[%clk
0:25:31]} Re6 {[%clk 0:57:05]} 33. f4 {[%clk 0:22:33]} Kg6 {[%clk 0:55:55]} 34.
Rd1 {[%clk 0:21:09]} 1/2-1/2

[Event "DVM U16w 2021"]
[Site "Berlin GER"]
[Date "2022.05.02"]
[Round "5"]
[White "Leuchsenring, Delia"]
[Black "Schmidt, Luise"]
[Result "1/2-1/2"]
[Termination "normal"]
[Board "3.3"]
[WhiteElo "1115"]
[BlackElo "1420"]
[WhiteClock "00:33:22"]
[BlackClock "00:22:59"]
[WhiteTeam "ATSV Oberkotzau"]
[BlackTeam "SV Königsjäger Süd-West e.V."]
[PlyCount "46"]
[WhiteFideId "34605304"]
[BlackFideId "16294475"]
[EventCountry "GER"]
[EventRounds "7"]
[EventType "team-swiss"]
[EventDate "2022.04.29"]

1. e4 {[%clk 1:30:59]} e5 {[%clk 1:30:54]} 2. Nf3 {[%clk 1:31:25]} Nc6 {[%clk
1:31:15]} 3. d4 {[%clk 1:31:47]} exd4 {[%clk 1:31:05]} 4. Nxd4 {[%clk 1:32:02]}
Bc5 {[%clk 1:27:09]} 5. Nxc6 {[%clk 1:28:06]} bxc6 {[%clk 1:27:33]} 6. Nc3
{[%clk 1:28:24]} Bb4 {[%clk 1:22:19]} 7. Bd2 {[%clk 1:24:42]} Nf6 {[%clk
1:18:33]} 8. Bd3 {[%clk 1:22:02]} O-O {[%clk 1:16:48]} 9. O-O {[%clk 1:21:07]}
Re8 {[%clk 1:10:21]} 10. Re1 {[%clk 1:20:09]} d5 {[%clk 1:07:15]} 11. Bg5
{[%clk 1:04:05]} Bxc3 {[%clk 0:58:34]} 12. bxc3 {[%clk 1:04:07]} dxe4 {[%clk
0:56:55]} 13. Bxf6 {[%clk 1:03:09]} Qxf6 {[%clk 0:55:09]} 14. Bxe4 {[%clk
1:03:26]} Bf5 {[%clk 0:52:44]} 15. Bxf5 {[%clk 0:56:42]} Qxf5 {[%clk 0:53:07]}
16. Rxe8+ {[%clk 0:55:52]} Rxe8 {[%clk 0:53:32]} 17. Qd2 {[%clk 0:55:03]} Qe6
{[%clk 0:46:03]} 18. g3 {[%clk 0:51:54]} g6 {[%clk 0:39:21]} 19. a4 {[%clk
0:50:26]} Qg4 {[%clk 0:33:10]} 20. a5 {[%clk 0:45:25]} a6 {[%clk 0:29:19]} 21.
Rb1 {[%clk 0:41:41]} Qf5 {[%clk 0:28:32]} 22. c4 {[%clk 0:40:33]} Qe6 {[%clk
0:26:07]} 23. Rb7 {[%clk 0:33:22]} Qxc4 {[%clk 0:22:59]} 1/2-1/2

[Event "DVM U16w 2021"]
[Site "Berlin GER"]
[Date "2022.05.02"]
[Round "5"]
[White "Altuve Medina, Victoria Isabella"]
[Black "Köppel, Clementine"]
[Result "1-0"]
[Termination "normal"]
[Board "3.4"]
[WhiteElo "1221"]
[BlackElo "1178"]
[WhiteClock "00:35:08"]
[BlackClock "00:37:37"]
[WhiteTeam "SV Königsjäger Süd-West e.V."]
[BlackTeam "ATSV Oberkotzau"]
[PlyCount "73"]
[WhiteFideId "3935639"]
[BlackFideId "34605819"]
[EventCountry "GER"]
[EventRounds "7"]
[EventType "team-swiss"]
[EventDate "2022.04.29"]

1. e4 {[%clk 1:30:57]} e5 {[%clk 1:30:54]} 2. Nf3 {[%clk 1:31:21]} Nf6 {[%clk
1:31:16]} 3. Nxe5 {[%clk 1:28:34]} d6 {[%clk 1:31:30]} 4. Nf3 {[%clk 1:28:51]}
Nxe4 {[%clk 1:31:52]} 5. d3 {[%clk 1:28:17]} Nf6 {[%clk 1:32:13]} 6. Be2 {[%clk
1:27:58]} Be7 {[%clk 1:32:33]} 7. O-O {[%clk 1:27:28]} O-O {[%clk 1:32:57]} 8.
Nc3 {[%clk 1:27:03]} Nc6 {[%clk 1:33:12]} 9. d4 {[%clk 1:12:18]} Bf5 {[%clk
1:28:46]} 10. h3 {[%clk 0:57:15]} a6 {[%clk 1:25:28]} 11. Bd3 {[%clk 0:53:32]}
Bxd3 {[%clk 1:21:20]} 12. Qxd3 {[%clk 0:53:55]} d5 {[%clk 1:19:54]} 13. a3
{[%clk 0:52:29]} Bd6 {[%clk 1:18:06]} 14. Bg5 {[%clk 0:51:03]} h6 {[%clk
1:15:00]} 15. Bxf6 {[%clk 0:49:40]} Qxf6 {[%clk 1:14:39]} 16. Nxd5 {[%clk
0:49:27]} Qe6 {[%clk 1:09:46]} 17. Nc3 {[%clk 0:49:14]} Qf6 {[%clk 1:07:58]}
18. Rfe1 {[%clk 0:48:09]} Rfe8 {[%clk 1:04:23]} 19. Re4 {[%clk 0:44:07]} Rxe4
{[%clk 0:53:01]} 20. Qxe4 {[%clk 0:44:23]} Rd8 {[%clk 0:51:47]} 21. Re1 {[%clk
0:35:36]} Bf4 {[%clk 0:42:38]} 22. Nd5 {[%clk 0:30:56]} Qd6 {[%clk 0:40:05]}
23. Nxf4 {[%clk 0:30:30]} Nxd4 {[%clk 0:40:00]} 24. Nxd4 {[%clk 0:30:44]} Qxd4
{[%clk 0:40:09]} 25. Qxd4 {[%clk 0:31:07]} Rxd4 {[%clk 0:40:34]} 26. Nd3 {[%clk
0:31:13]} Rc4 {[%clk 0:39:02]} 27. Re2 {[%clk 0:31:35]} Kh7 {[%clk 0:38:27]}
28. Kf1 {[%clk 0:31:57]} Kg6 {[%clk 0:38:24]} 29. Ne5+ {[%clk 0:32:22]} Kf6
{[%clk 0:38:46]} 30. Nxc4 {[%clk 0:32:48]} b5 {[%clk 0:39:05]} 31. Na5 {[%clk
0:32:46]} g5 {[%clk 0:38:47]} 32. Re3 {[%clk 0:32:47]} h5 {[%clk 0:38:24]} 33.
Ke2 {[%clk 0:34:52]} c5 {[%clk 0:37:49]} 34. Kd3 {[%clk 0:35:06]} Kf5 {[%clk
0:37:13]} 35. b4 {[%clk 0:34:43]} c4+ {[%clk 0:37:19]} 36. Kd4 {[%clk 0:35:08]}
Kf4 {[%clk 0:37:37]} 37. Rf3# 1-0

[Event "DVM U16w 2021"]
[Site "Berlin GER"]
[Date "2022.05.02"]
[Round "5"]
[White "Fischer, Darja"]
[Black "Alferova, Emily"]
[Result "1-0"]
[Termination "normal"]
[Board "4.1"]
[WhiteElo "1675"]
[BlackElo "1514"]
[WhiteClock "00:08:36"]
[BlackClock "00:03:35"]
[WhiteTeam "Karlsruher SF 1853"]
[BlackTeam "SC Garching 1980 e.V."]
[PlyCount "93"]
[WhiteFideId "16240898"]
[BlackFideId "16265904"]
[EventCountry "GER"]
[EventRounds "7"]
[EventType "team-swiss"]
[EventDate "2022.04.29"]

1. d4 {[%clk 1:30:58]} d5 {[%clk 1:30:54]} 2. c4 {[%clk 1:31:24]} e6 {[%clk
1:31:21]} 3. Nc3 {[%clk 1:31:51]} Nf6 {[%clk 1:31:47]} 4. Bg5 {[%clk 1:32:17]}
Be7 {[%clk 1:32:10]} 5. cxd5 {[%clk 1:32:33]} Nxd5 {[%clk 1:32:34]} 6. Bxe7
{[%clk 1:32:54]} Qxe7 {[%clk 1:32:59]} 7. e4 {[%clk 1:33:14]} Nxc3 {[%clk
1:33:20]} 8. bxc3 {[%clk 1:33:39]} O-O {[%clk 1:32:26]} 9. Bd3 {[%clk 1:32:25]}
c5 {[%clk 1:31:08]} 10. Ne2 {[%clk 1:27:41]} Rd8 {[%clk 1:24:13]} 11. O-O
{[%clk 1:19:10]} b6 {[%clk 1:16:59]} 12. d5 {[%clk 1:11:11]} exd5 {[%clk
1:13:43]} 13. exd5 {[%clk 1:11:35]} Nd7 {[%clk 0:57:03]} 14. Re1 {[%clk
1:07:53]} Qd6 {[%clk 0:56:16]} 15. Ng3 {[%clk 1:03:50]} Nf6 {[%clk 0:56:10]}
16. c4 {[%clk 1:02:59]} Bd7 {[%clk 0:54:18]} 17. Qc2 {[%clk 0:53:38]} Re8
{[%clk 0:48:42]} 18. Bf5 {[%clk 0:44:49]} g6 {[%clk 0:44:44]} 19. Bxd7 {[%clk
0:44:47]} Qxd7 {[%clk 0:45:03]} 20. Qc3 {[%clk 0:38:00]} Qd6 {[%clk 0:41:53]}
21. a4 {[%clk 0:33:04]} a5 {[%clk 0:22:51]} 22. Qb2 {[%clk 0:28:04]} Nd7 {[%clk
0:17:09]} 23. Re2 {[%clk 0:21:25]} Re7 {[%clk 0:13:17]} 24. Ne4 {[%clk
0:19:41]} Qe5 {[%clk 0:08:55]} 25. Nf6+ {[%clk 0:19:44]} Qxf6 {[%clk 0:08:30]}
26. Qxf6 {[%clk 0:20:09]} Rxe2 {[%clk 0:08:07]} 27. Qc6 {[%clk 0:17:35]} Rae8
{[%clk 0:07:22]} 28. Kf1 {[%clk 0:15:30]} R2e7 {[%clk 0:05:38]} 29. d6 {[%clk
0:13:54]} Ne5 {[%clk 0:05:38]} 30. Qd5 {[%clk 0:11:47]} Re6 {[%clk 0:04:42]}
31. Re1 {[%clk 0:11:11]} Nd7 {[%clk 0:02:09]} 32. Rxe6 {[%clk 0:11:22]} Rxe6
{[%clk 0:02:35]} 33. Qc6 {[%clk 0:11:17]} Ne5 {[%clk 0:02:07]} 34. Qd5 {[%clk
0:10:35]} Nd7 {[%clk 0:01:50]} 35. g3 {[%clk 0:10:13]} Kg7 {[%clk 0:01:59]} 36.
Qc6 {[%clk 0:10:16]} Ne5 {[%clk 0:01:37]} 37. Qc7 {[%clk 0:10:12]} Nd3 {[%clk
0:01:46]} 38. d7 {[%clk 0:10:07]} Re1+ {[%clk 0:01:52]} 39. Kg2 {[%clk
0:10:33]} Re2 {[%clk 0:01:57]} 40. d8=Q {[%clk 0:10:30]} Rxf2+ {[%clk 0:02:21]}
41. Kg1 {[%clk 0:10:41]} Rd2 {[%clk 0:02:14]} 42. Qcb8 {[%clk 0:07:33]} Rd1+
{[%clk 0:02:28]} 43. Kg2 {[%clk 0:08:00]} Ne1+ {[%clk 0:02:40]} 44. Kf2 {[%clk
0:07:59]} Rxd8 {[%clk 0:02:56]} 45. Qxd8 {[%clk 0:08:25]} Nc2 {[%clk 0:03:18]}
46. Qxb6 {[%clk 0:08:36]} Nb4 {[%clk 0:03:35]} 47. Ke2 {[%clk 0:08:36]} 1-0

[Event "DVM U16w 2021"]
[Site "Berlin GER"]
[Date "2022.05.02"]
[Round "5"]
[White "Frowein, Katja"]
[Black "Haug, Mara"]
[Result "0-1"]
[Termination "normal"]
[Board "4.2"]
[WhiteElo "1385"]
[BlackElo "1394"]
[WhiteClock "00:21:24"]
[BlackClock "00:38:30"]
[WhiteTeam "SC Garching 1980 e.V."]
[BlackTeam "Karlsruher SF 1853"]
[PlyCount "126"]
[WhiteFideId "16282949"]
[BlackFideId "16259300"]
[EventCountry "GER"]
[EventRounds "7"]
[EventType "team-swiss"]
[EventDate "2022.04.29"]

1. c4 {[%clk 1:30:58]} c5 {[%clk 1:30:55]} 2. Nf3 {[%clk 1:31:24]} Nc6 {[%clk
1:31:12]} 3. Nc3 {[%clk 1:31:51]} Nf6 {[%clk 1:31:32]} 4. e3 {[%clk 1:32:14]}
e5 {[%clk 1:31:52]} 5. d4 {[%clk 1:29:35]} cxd4 {[%clk 1:25:49]} 6. exd4 {[%clk
1:29:28]} e4 {[%clk 1:16:49]} 7. Ng5 {[%clk 1:20:19]} Bb4 {[%clk 1:14:05]} 8.
d5 {[%clk 1:16:13]} Bxc3+ {[%clk 1:11:00]} 9. bxc3 {[%clk 1:16:32]} Nb8 {[%clk
1:05:31]} 10. Qd4 {[%clk 1:00:19]} O-O {[%clk 1:02:54]} 11. Be2 {[%clk
0:58:04]} Re8 {[%clk 1:01:29]} 12. O-O {[%clk 0:57:15]} d6 {[%clk 0:59:32]} 13.
f3 {[%clk 0:45:13]} Bf5 {[%clk 0:49:44]} 14. fxe4 {[%clk 0:35:42]} Bxe4 {[%clk
0:49:40]} 15. Nxe4 {[%clk 0:34:28]} Rxe4 {[%clk 0:48:46]} 16. Qd3 {[%clk
0:33:13]} Nbd7 {[%clk 0:43:51]} 17. Qc2 {[%clk 0:24:55]} Qb6+ {[%clk 0:36:58]}
18. Rf2 {[%clk 0:22:46]} Rae8 {[%clk 0:35:13]} 19. Bd3 {[%clk 0:19:15]} Re1+
{[%clk 0:34:46]} 20. Bf1 {[%clk 0:19:32]} Ng4 {[%clk 0:29:50]} 21. Rb1 {[%clk
0:18:52]} Qxf2+ {[%clk 0:25:55]} 22. Qxf2 {[%clk 0:19:04]} Nxf2 {[%clk
0:26:12]} 23. Kxf2 {[%clk 0:19:23]} Nc5 {[%clk 0:23:47]} 24. Ra1 {[%clk
0:17:49]} R8e5 {[%clk 0:17:40]} 25. Bb2 {[%clk 0:15:17]} Rxa1 {[%clk 0:16:21]}
26. Bxa1 {[%clk 0:15:33]} Rf5+ {[%clk 0:16:02]} 27. Ke1 {[%clk 0:15:13]} Na4
{[%clk 0:15:20]} 28. Bd3 {[%clk 0:13:23]} Re5+ {[%clk 0:14:12]} 29. Be2 {[%clk
0:10:56]} a6 {[%clk 0:12:46]} 30. Kd2 {[%clk 0:09:46]} Rf5 {[%clk 0:12:08]} 31.
Ke3 {[%clk 0:09:01]} Kf8 {[%clk 0:11:27]} 32. Bd1 {[%clk 0:08:25]} Rf1 {[%clk
0:10:02]} 33. Bxa4 {[%clk 0:07:18]} Rxa1 {[%clk 0:10:24]} 34. Bb3 {[%clk
0:07:40]} Rc1 {[%clk 0:10:10]} 35. Kd4 {[%clk 0:06:26]} Rg1 {[%clk 0:10:22]}
36. g3 {[%clk 0:05:07]} b6 {[%clk 0:09:21]} 37. a4 {[%clk 0:04:22]} a5 {[%clk
0:08:59]} 38. c5 {[%clk 0:04:35]} bxc5+ {[%clk 0:08:36]} 39. Kc4 {[%clk
0:04:19]} Rb1 {[%clk 0:07:59]} 40. h3 {[%clk 0:03:06]} h6 {[%clk 0:06:47]} 41.
Bc2 {[%clk 0:03:09]} Rb2 {[%clk 0:06:47]} 42. Be4 {[%clk 0:01:51]} Ke7 {[%clk
0:07:00]} 43. h4 {[%clk 0:00:58]} Kd8 {[%clk 0:07:04]} 44. g4 {[%clk 0:30:14]}
Kc7 {[%clk 0:37:13]} 45. h5 {[%clk 0:28:42]} Kb6 {[%clk 0:37:34]} 46. Bf5
{[%clk 0:28:23]} Rf2 {[%clk 0:37:04]} 47. Kd3 {[%clk 0:26:02]} Rf4 {[%clk
0:36:33]} 48. c4 {[%clk 0:23:50]} Rd4+ {[%clk 0:35:37]} 49. Kc3 {[%clk
0:23:54]} Kc7 {[%clk 0:35:58]} 50. Kb3 {[%clk 0:23:50]} Kd8 {[%clk 0:36:23]}
51. Kc3 {[%clk 0:24:01]} Ke7 {[%clk 0:36:43]} 52. Kb3 {[%clk 0:22:49]} Kf6
{[%clk 0:37:08]} 53. Kc3 {[%clk 0:23:08]} Kg5 {[%clk 0:37:03]} 54. Bd7 {[%clk
0:20:56]} g6 {[%clk 0:37:05]} 55. Be8 {[%clk 0:21:04]} Kf6 {[%clk 0:36:07]} 56.
hxg6 {[%clk 0:20:16]} fxg6 {[%clk 0:36:27]} 57. Bd7 {[%clk 0:20:39]} Kg5 {[%clk
0:36:52]} 58. Be6 {[%clk 0:20:57]} Rxg4 {[%clk 0:36:58]} 59. Kd3 {[%clk
0:20:55]} Rd4+ {[%clk 0:37:18]} 60. Kc3 {[%clk 0:21:07]} h5 {[%clk 0:37:40]}
61. Bf7 {[%clk 0:20:55]} Kh6 {[%clk 0:37:43]} 62. Be6 {[%clk 0:21:08]} g5
{[%clk 0:38:08]} 63. Bd7 {[%clk 0:21:24]} g4 {[%clk 0:38:30]} *

[Event "DVM U16w 2021"]
[Site "Berlin GER"]
[Date "2022.05.02"]
[Round "5"]
[White "Kuran, Olivia"]
[Black "Muhina, Alina"]
[Result "1/2-1/2"]
[Termination "normal"]
[Board "4.3"]
[WhiteElo "1080"]
[BlackElo "1153"]
[WhiteClock "00:29:11"]
[BlackClock "01:14:22"]
[WhiteTeam "Karlsruher SF 1853"]
[BlackTeam "SC Garching 1980 e.V."]
[PlyCount "92"]
[WhiteFideId "16279670"]
[BlackFideId "16298322"]
[EventCountry "GER"]
[EventRounds "7"]
[EventType "team-swiss"]
[EventDate "2022.04.29"]

1. e4 {[%clk 1:30:58]} c6 {[%clk 1:30:57]} 2. d4 {[%clk 1:31:21]} d5 {[%clk
1:31:22]} 3. Nc3 {[%clk 1:31:43]} dxe4 {[%clk 1:31:47]} 4. Nxe4 {[%clk
1:32:04]} Nf6 {[%clk 1:32:11]} 5. Nxf6+ {[%clk 1:32:24]} gxf6 {[%clk 1:32:34]}
6. Nf3 {[%clk 1:32:41]} Bf5 {[%clk 1:32:38]} 7. Bc4 {[%clk 1:30:51]} e6 {[%clk
1:31:41]} 8. Bf4 {[%clk 1:28:40]} Bd6 {[%clk 1:31:17]} 9. Qd2 {[%clk 1:23:08]}
Qc7 {[%clk 1:31:18]} 10. Bxd6 {[%clk 1:20:55]} Qxd6 {[%clk 1:31:36]} 11. c3
{[%clk 1:18:26]} Nd7 {[%clk 1:31:33]} 12. O-O {[%clk 1:16:08]} O-O-O {[%clk
1:31:41]} 13. Bd3 {[%clk 1:09:41]} Bg6 {[%clk 1:31:20]} 14. c4 {[%clk 1:05:05]}
e5 {[%clk 1:29:42]} 15. c5 {[%clk 1:00:19]} Qd5 {[%clk 1:29:32]} 16. Bxg6
{[%clk 0:55:23]} hxg6 {[%clk 1:27:25]} 17. b4 {[%clk 0:50:41]} e4 {[%clk
1:27:11]} 18. Ne1 {[%clk 0:49:13]} Qh5 {[%clk 1:26:26]} 19. h3 {[%clk 0:47:31]}
Ne5 {[%clk 1:24:06]} 20. Qd1 {[%clk 0:36:49]} Nf3+ {[%clk 1:23:15]} 21. Nxf3
{[%clk 0:35:49]} exf3 {[%clk 1:23:37]} 22. Qxf3 {[%clk 0:33:44]} Qxf3 {[%clk
1:24:03]} 23. gxf3 {[%clk 0:33:28]} Rxh3 {[%clk 1:24:24]} 24. Kg2 {[%clk
0:32:35]} Rh4 {[%clk 1:23:09]} 25. Rfd1 {[%clk 0:31:05]} Rhxd4 {[%clk 1:23:16]}
26. Rxd4 {[%clk 0:31:18]} Rxd4 {[%clk 1:23:42]} 27. a3 {[%clk 0:31:32]} f5
{[%clk 1:19:07]} 28. Re1 {[%clk 0:30:02]} Kd7 {[%clk 1:18:15]} 29. Kg3 {[%clk
0:27:56]} g5 {[%clk 1:16:54]} 30. Re2 {[%clk 0:22:32]} f6 {[%clk 1:11:44]} 31.
Kg2 {[%clk 0:15:41]} b6 {[%clk 1:10:34]} 32. cxb6 {[%clk 0:12:09]} axb6 {[%clk
1:10:55]} 33. Re3 {[%clk 0:10:36]} b5 {[%clk 1:11:00]} 34. Rc3 {[%clk 0:08:41]}
g4 {[%clk 1:08:34]} 35. Kg3 {[%clk 0:07:41]} gxf3 {[%clk 1:06:38]} 36. Rxf3
{[%clk 0:07:10]} Ke6 {[%clk 1:06:33]} 37. Rc3 {[%clk 0:06:56]} Rc4 {[%clk
0:50:37]} 38. Re3+ {[%clk 0:05:26]} Re4 {[%clk 0:50:58]} 39. Rc3 {[%clk
0:03:21]} Rc4 {[%clk 0:49:00]} 40. Re3+ {[%clk 0:03:38]} Kd5 {[%clk 0:45:39]}
41. Rd3+ {[%clk 0:01:39]} Ke4 {[%clk 0:44:45]} 42. Re3+ {[%clk 0:00:37]} Kd4
{[%clk 0:45:03]} 43. Kf4 {[%clk 0:29:40]} Rc3 {[%clk 1:14:00]} 44. Kxf5 {[%clk
0:28:21]} Rxe3 {[%clk 1:14:12]} 45. fxe3+ {[%clk 0:28:47]} Kxe3 {[%clk
1:14:35]} 46. Kxf6 {[%clk 0:29:11]} Kd4 {[%clk 1:14:22]} 1/2-1/2